Škola pre mimoriadne nadané deti - Veľká lúka, Dúbravka, Bratislava
Uložené v:
| Hlavný autor: | |
|---|---|
| Ďalší autori: | |
| Médium: | Rukopis Kniha |
| Jazyk: | Slovak |
| Vydavateľské údaje: |
Bratislava :
STU v Bratislave FA,
2010
|
| Predmet: | |
| On-line prístup: | VAIS |
| Tagy: |
Žiadne tagy, Buďte prvý, kto otaguje tento záznam!
|
MARC
| LEADER | 00000ntm a22000003a 4500 | ||
|---|---|---|---|
| 001 | stu219046 | ||
| 005 | 20220225074308.1 | ||
| 008 | 101208s2010----xo------------------slo-d | ||
| 040 | |a STU |b slo | ||
| 041 | 0 | |a slo | |
| 044 | |a xo | ||
| 100 | 1 | |a Frič, Marek, |d 1985- |4 aut |u A |T FAD Fakulta architektúry |X 15462 |U A |Y 50 |7 A000015462 | |
| 242 | 0 | 0 | |a The School for gifted children Velka Luka Dubravka Bratislava |y eng |
| 245 | 1 | |a Škola pre mimoriadne nadané deti - Veľká lúka, Dúbravka, Bratislava | |
| 260 | |a Bratislava : |b STU v Bratislave FA, |c 2010 | ||
| 650 | 7 | |a architektúra |2 stusub | |
| 650 | 7 | |a architecture |2 estusub | |
| 650 | 7 | |a IQ |2 stusub | |
| 650 | 7 | |a škola |2 stusub | |
| 700 | 1 | |a Končeková, Danica, |d 1971- |4 ths |u A8180 |U FAD Fakulta architektúry |T FA Ústav architektúry občianskych budov |X 467 |U A8180 |Y 399 |7 A000000467 | |
| 856 | 4 | |a info a plný text |u http://is.stuba.sk/zp/portal_zp.pl?podrobnosti=62692 |u https://opac.crzp.sk/?fn=detailBiblioForm&sid=B3E4DED1CE64EF1DB1943ED78C74 |3 VAIS | |